000 00969pam a2200313 a 4500
999 _c2111
_d2111
001 016031359
003 Uk
005 20230308090526.0
008 120525s2012 enka j 000 1 eng d
015 _aGBB215741
_2bnb
016 7 _a016031359
_2Uk
020 _a9781847152343 (pbk.) :
040 _aStDuBDS
_beng
_cStDuBDS
_dUk
_dKH8
042 _aukblcatcopy
082 0 4 _a823.92 MAC
_223
100 1 _aMacDonald, Alan,
_d1958-
_eauthor
245 1 0 _aPirate! /
_c[illustrated by] David Roberts ; written by Alan MacDonald.
260 _aLondon :
_bStripes,
_c2012.
300 _a95 pages :
_billustrations ;
_c20 cm.
336 _atext
_2rdacontent
337 _aunmediated
_2rdamedia
338 _avolume
_2rdacarrier
490 0 _aDirty Bertie
500 _aFormerly CIP.
_5Uk
650 0 _aDirty Bertie (Fictitious character)
_vJuvenile fiction.
650 0 _aChildren's stories, English.
700 1 _aRoberts, David,
_d1970-
_eillustrator
942 _2ddc
_cNFIC